Mauzóleum Františky a Dionýza Andrássyovcov v Krásnohorskom Podhradí

Bibliographic Details
Main Author: Vajda, Jozef (Author, Compiler)
Format: Book
Language:Slovak
PhysicalDescription:15, [1] s. ilustr. 12°
Published: Rožňava Okresný dom osvety 1958
Subjects:

MARC

LEADER 00000cam a2200000 a 4500
001 vtls008327967
003 SK-MaSNL
005 20260301225337.0
008 230403s1958 xo a 000 0 slo
015 |a SNBA1959/05-00793 
035 |a SK01SNK19590020184 
035 |a urn:nbn:sk:snk-am3hhut 
035 |a FA37BC0B-9A5A-4AA2-ACCF-4C6386296939 
035 |a urn:nbn:sk:snk-am00d0v0 
035 |a SKM000022647 
040 |a SNK  |b slo  |c SNK  |e AACR2 
041 0 |a slo 
044 |a xo  |c SK 
080 |a 904(437.6):726.822=945.11  |2 1981 
080 |a 726.822=945.11  |2 1981 
100 1 |a Vajda, Jozef  |4 aut  |4 com  |9 5404 
245 1 0 |a Mauzóleum Františky a Dionýza Andrássyovcov v Krásnohorskom Podhradí  |c zost. Jozef Vajda 
260 |a Rožňava  |b Okresný dom osvety  |c 1958  |e Rožňava  |f Východoslovenské tlačiarne 
300 |a 15, [1] s.  |b ilustr.  |c 12° 
600 1 7 |a Andrássy, Dionýz,  |d 1835-1913  |2 SNKMA  |9 564003 
600 1 7 |a Andrássy, Franciska,  |d 1838-1902  |2 SNKMA  |9 394478 
610 2 7 |a Mauzóleum Andrássyovcov (Krásnohorské Podhradie, Slovensko)  |2 SNKKA  |9 32661 
650 0 7 |a mauzóleá  |2 SNKPH  |9 3021 
651 7 |a Krásnohorské Podhradie (Slovensko)  |2 SNKPH  |9 26876 
655 7 |a informačné publikácie  |2 SNKPH  |9 70181 
852 |a Slovenská národná knižnica 
954 |a odborná, vedecká literatúra pôvodná (slovenská)  |2 lita 
958 |a OND 
958 |a TL 
958 |a RK 
958 |a BQ 
958 |a EUIPO 
999 |c 950554  |d 952484 
952 |a SNK  |b SNK  |y VYP  |7 0  |p 17A1189886  |o snkSE 2705 D1  |i snkKSP 190/59  |0 0  |1 0  |4 0  |d 2018-04-26  |l 0  |r 2026-02-24 09:46:57  |w 2026-02-24 
952 |a SNK  |b SNK  |y PREZ  |7 0  |p 17A0743875  |o snkSE 2705  |i snkKSP 189/59  |0 0  |1 0  |4 0  |d 2018-02-14  |f 1  |l 0  |r 2026-02-24 09:46:57  |w 2026-02-24